‘No enemies to fight’ Goodluck Jonathan on the marble
Saved in:
| Main Author: | |
|---|---|
| Format: | Book |
| Language: | English |
| Published: |
Clear Coast Communication
2013
|
| Tags: |
Add Tag
No Tags, Be the first to tag this record!
|
MARC
| LEADER | 00000nam a22000007a 4500 | ||
|---|---|---|---|
| 008 | 201216b ||||| |||| 00| 0 eng d | ||
| 020 | |a ISBN: 979-978-51660-4-0 | ||
| 100 | |a JONATHAN, Goodluck E. | ||
| 245 | |a ‘No enemies to fight’ |b Goodluck Jonathan on the marble |c Goodluck Jonathan |g . ix, 171p. | ||
| 260 | |b Clear Coast Communication |c 2013 |h Abuja: |i 680537 |l DT515.846 .J69 |m Jonathan, Goodluck Ebele |m President – Nigeria |m Heads of State – Nigeria |m Nigeria – Politics and government – 2007 | ||
| 942 | |a lcc |c BK |e Olagoke,M A |f 16/12/2020 | ||
| 952 | |0 0 |1 0 |2 lcc |4 0 |6 DT0515846 J69 |7 0 |9 572 |a HOL |b HOL |c AF |d 2020-12-16 |l 0 |o DT515.846 .J69 |p 2020-22893 |r 2020-12-16 00:00:00 |w 2020-12-16 |y BK | ||
| 999 | |c 314 |d 314 | ||